LIBRARY & INFORMATION CENTRE, KCAET, TAVANUR

ONLINE PUBLIC ACCESS CATALOGUE (OPAC)

Linguistic theory of translation / (Record no. 5111)

MARC details
000 -LEADER
fixed length control field 00371cam a2200145ua 4500
041 ## - LANGUAGE CODE
Language code of text/sound track or separate title eng
082 ## - DEWEY DECIMAL CLASSIFICATION NUMBER
Classification number 428.02
Item number CAT/LI
100 ## - MAIN ENTRY--AUTHOR NAME
Personal name Catford, J C .
245 ## - TITLE STATEMENT
Title Linguistic theory of translation /
260 ## - PUBLICATION, DISTRIBUTION, ETC. (IMPRINT)
Place of publication London :
Name of publisher Oxford University Press ,
Year of publication 1965.
300 ## - PHYSICAL DESCRIPTION
Number of Pages 103 ; .
942 ## - ADDED ENTRY ELEMENTS (KOHA)
Koha item type Books
Holdings
Withdrawn status Lost status Damaged status Home library Current library Date acquired Full call number Accession Number Koha item type
Withdrawn     Sanskrit University KAUAET 07/04/2012 428.02 9836 Books
free website counter